| 000 | 00579cam a2200205 a 4500 | ||
|---|---|---|---|
| 001 | 000018203 | ||
| 005 | 20200929165411.0 | ||
| 008 | 780130s1968 gw 000 f ger d | ||
| 040 |
_aDO-SdBNP _bger _cLC _dBNPHU |
||
| 082 |
_a833.914 _bG768d |
||
| 100 | 1 |
_aGrass, Günter, _d1927- _93769 |
|
| 245 | 1 | 4 |
_aDie Blechtrommel : _bRoman / _cGünter Grass. |
| 260 |
_aNeuwied : _bLuchterhand, _c1968. |
||
| 300 |
_a714 p. ; _c21 cm. |
||
| 650 | 4 |
_aNovela alemana _93302 |
|
| 650 | 4 |
_aLiteratura alemana _93274 |
|
| 910 | _aCatalogación por copia / LC | ||
| 910 | _aWM | ||
| 049 | _aBNGR | ||
| 999 |
_c17724 _d17724 |
||